Top 100 polskich filmów wg rankingu Filmweb - Statystyki

Ogólne statystyki
  • Ten quiz został rozwiązany 52 razy
  • Średni wynik to 11 z 100
Statystyki odpowiedzi
Hint Odpowiedź % Poprawnych
61. Chłopaki nie płaczą
65%
49. Sami swoi
65%
73. Miś
63%
92. Kiler
59%
68. Dzień świra
46%
2. Pianista
46%
16. Bogowie
43%
79. Seksmisja
41%
100. Vabank
39%
87. Nóż w wodzie
35%
75. Popiół i diament
35%
63. Kanał
33%
35. Jak rozpętałem drugą wojnę światową
30%
39. Chłopi
28%
78. Wołyń
28%
60. Róża
26%
58. Trzy kolory: czerwony
22%
13. Najlepszy
20%
17. Przypadek
20%
18. Rękopis znaleziony w Saragossie
20%
28. Ziemia obiecana
20%
5. Pociąg
17%
77. Dekalog I
15%
50. Dekalog IV
15%
7. Dekalog V
15%
8. Dekalog X
15%
88. Symetria
15%
23. Dekalog VI
13%
53. Krótki film o miłości
13%
30. Krótki film o zabijaniu
13%
21. Amator
11%
83. Matka Joanna od aniołów
11%
22. Pętla
11%
24. Tylko nie mów nikomu
11%
4. Piętro wyżej
9%
98. Prawo i pięść
9%
11. Przesłuchanie
9%
42. Twój Vincent
9%
20. Aida
7%
82. Dług
7%
9. Gadające głowy
7%
1. Korespondent Bryan
7%
90. Ojciec
7%
40. Pora umierać
7%
52. Sanatorium pod klepsydrą
7%
84. Sie macie ludzie
7%
94. Żywot Mateusza
7%
47. Barwy ochronne
4%
32. Baza ludzi umarłych
4%
15. Bóg vs Szatan
4%
34. Człowiek na torze
4%
66. Gwiezdny pył
4%
36. Lekarstwo na miłość
4%
14. Mistrz
4%
3. Niepodległość
4%
46. Niewinni czarodzieje
4%
67. Twardowsky 2.0
4%
99. Beksińscy
2%
57. Gangsterzy i filantropi
2%
41. Jak być kochaną
2%
59. Katedra
2%
97. Ostatni dzwonek
2%
64. Salto
2%
76. Zaklęte rewiry
2%
48. Art of freedom
0%
86. Chłopcy
0%
74. Cień już niedaleko
0%
96. Czerwone i złote
0%
37. Defilada
0%
93. Dzieci z Leningradzkiego
0%
19. Epilog Norymberski
0%
33. Historie z Yodok
0%
26. Honor generała
0%
6. Inny Świat
0%
70. Ja tu rządzę
0%
81. Kardiogram
0%
38. Konstrukcja własna
0%
91. Kwiecień
0%
43. Mam tu swój dom
0%
12. Miejsce urodzenia
0%
85. Mocna kawa wcale nie jest taka zła
0%
71. Niezwyciężeni
0%
62. Ostatni ludzie czarnobyla
0%
55. Paciorki jednego różańca
0%
45. Pastorale heroica
0%
25. Portrecista
0%
51. Pożegnania
0%
95. Szkoda twoich łez
0%
69. Szpital przemienienia
0%
29. Transformacja
0%
44. Uciekinier
0%
72. Usłyszcie mój krzyk
0%
54. Uszczelka
0%
27. Walka
0%
56. Włóczęgi
0%
10. Wszystko może się przytrafić
0%
31. Zapomniana melodia
0%
89. Z nurtem życia
0%
80. Z punktu widzenia nocnego portiera
0%
65. Zrodzeni do szabli
0%
Nie znaleziono quizów pasujących do podanych kryteriów
Rozkład punktacji
Procent ludzi z każdym wynikiem
Percentyl według liczby udzielonych odpowiedzi
Twoja historia wyników
Nie rozwiązałeś tego quizu